000 00634nam a2200217 i 4500
001 bg
245 0 0 _aReklama i media w Polsce'99 =
_bAdversting and media in Poland'98 : media /
_c[zesp. red. Piotr R. Jankowski et al.].
260 _aWarszawa :
_bMerkuriusz Polski,
_ccop.1999.
300 _a308 s. ;
_c29 cm.
650 9 _aReklama
_zPolska
650 9 _aŚrodki masowego przekazu
655 _aInformatory
700 1 _aJANKOWSKI, Piotr J.
_eRed.
020 _a8391210812
040 _cBPK
041 _apl
_ben
080 _a659(058)
920 _a83-912108-1-2
942 _cKS
008 s pl f |000 0 pol
999 _c36281
_d36281